Top 5 Songs On Crest (Bladee & Ecco2k) - Statistics

General Stats
  • This quiz has been taken 17 times
  • The average score is 4 of 5
Answer Stats
Hint Answer % Correct
19,580,547 Girls Just Want To Have Fun
94%
2,842,426 Faust
88%
12,072,446 The Flag Is Raised
88%
2,584,264 White Meadow
81%
3,209,717 5 Star Crest (4 Vattenrum)
69%
No matching quizzes found
Score Distribution
Percent of People with Each Score
Percentile by Number Answered
Your Score History
You have not taken this quiz